| 000 | 01945nam a2200385 a 4500 | ||
|---|---|---|---|
| 001 | 00003824 | ||
| 003 | DO-SdBNP | ||
| 005 | 20180312133034.0 | ||
| 007 | 00003824 | ||
| 008 | 091117s2005 dr a 000 0 spa d | ||
| 020 | _a9945110675 | ||
| 040 |
_aBPMSU _bspa _cBPMSU |
||
| 092 |
_a372.84 _bR696r 8vo. 2005 |
||
| 100 | 1 | _aRodríguez, Federico | |
| 245 | 0 | 0 |
_aReligión 8 : _beducación básica / _c Federico Rodríguez ; dirección editorial Obdulia García de Escobar ; ilustración Ruddy Núñez. |
| 260 |
_aSanto Domingo : _bSantillana, _c2005. |
||
| 300 |
_a112 p. : _bil., retrs. ; _c28 cm. |
||
| 490 | 1 | _aÁmbar | |
| 500 | _aEste libro ha sido realizado de conformidad con el currículum vigente y ha sido sometido a la aprobación de la SEEBAC "Secretaría de Estado de Educación Bellas Artes y Cultos" | ||
| 505 | 0 |
_tEl misterio del ser humano -- _tLa misión del ser humano -- _tEl lenguaje religioso y los mitos -- _tLibros del Antiguo Testamento -- _tLibros del nuevo Testamento -- _tJesús, Salvador y Redentor -- _tLa fe en Cristo resucitado -- _tEl Espíritu que guía a la iglesía -- _tLa salvación cristiana -- _tLos sacramentos -- _tLa dimensión moral del cristiano -- _tFe, esperanza y caridad -- _tMoral de la familia -- _tLas relaciones con el prójimo -- _tDimensión de la fé cristiana. |
|
| 650 |
_aRELIGIÓN _xENSEÑANZA BÁSICA |
||
| 650 | 4 |
_aRELIGIÓN _xESTUDIOS Y EJERCICIOS |
|
| 650 | 4 |
_aRELIGIÓN _xLIBROS DE TEXTOS |
|
| 650 | 4 |
_aRELIGIÓN _xEDUCACIÓN PRIMARIA |
|
| 650 | 4 |
_aEDUCACIÓN PRIMARIA _zREPÚBLICA DOMINICANA |
|
| 700 | 1 | 2 |
_aGarcía de Escobar, Obdulia, _eed. |
| 700 | 1 | 2 |
_aNúñez, Ruddy, _eil. |
| 830 | 0 | _aÁmbar | |
| 910 | _aValidado. Control de calidad MFF | ||
| 930 | 1 |
_lBND01 _mLF1 _820091117 _f01 _pCT _g7757 |
|
| 942 |
_2ddc _cBK |
||
| 945 | _aRemanejado para la BNPHU / 2018 VM | ||
| 956 |
_aVMATEO _b10 _c20150721 _lBPMSU _h00151 |
||
| 956 |
_aLOPEREZ _b10 _c20160405 _lBPMSU _h00041 |
||
| 999 |
_c9554 _d9554 |
||